Normal view
MARC view
- HUNTINGTON, SAMUAL P
Entry Personal Name
001 - CONTROL NUMBER
- control field: 80264
003 - CONTROL NUMBER IDENTIFIER
- control field: NUST
005 - DATE AND TIME OF LATEST TRANSACTION
- control field: 20210628210629.0
008 - FIXED-LENGTH DATA ELEMENTS
- fixed length control field: 210628|| aca||aabn | a|a d
040 ## - CATALOGING SOURCE
- Original cataloging agency: NUST
- Transcribing agency: NUST
100 ## - HEADING--PERSONAL NAME
- Personal name: HUNTINGTON, SAMUAL P
670 ## - SOURCE DATA FOUND
- Source citation: Work cat.: (NUST): HUNTINGTON, SAMUAL P, THE COMMON DEFENSE STRATEGIC PROGRAMS IN NATIONAL POLITICS, 1961
